Solar system objects by image clue - Statistics

General Stats
  • This quiz has been taken 27 times
  • The average score is 17 of 25
Answer Stats
Picture Answer % Correct
Neptune
100%
Sun
100%
Earth
93%
Moon
93%
Uranus
93%
Saturn
86%
Venus
86%
Europa
79%
Io
79%
Mimas
79%
Callisto
71%
Jupiter
71%
Mars
71%
Miranda
71%
Mercury
64%
Rhea
64%
Titan
64%
Triton
57%
Ariel
50%
Enceladus
50%
Arrokoth
43%
Iapetus
36%
Charon
29%
Pluto
29%
Ganymede
21%
No matching quizzes found
Score Distribution
Percent of People with Each Score
Percentile by Number Answered
Your Score History
You have not taken this quiz